| Tag |
First Indicator |
Second Indicator |
Subfields |
| LEADER |
00000cam a2200000Ka 4500 |
| 001 |
in00001808331 |
| 005 |
20211202200800.0 |
| 006 |
m d f |
| 008 |
031213s1996 dcu s f000 0 eng d |
| 035 |
|
|
|a (OCoLC)ocm53901681
|
| 040 |
|
|
|a GPO
|c GPO
|d MvI
|d UtOrBLW
|
| 049 |
|
|
|a WWW
|
| 074 |
|
|
|a 0582 (online)
|
| 086 |
0 |
|
|a HH 1.2:H 62/6/V.1
|
| 110 |
2 |
|
|a Abt Associates.
|
| 245 |
1 |
3 |
|a An historical and baseline assessment of HOPE VI.
|
| 246 |
2 |
|
|a HOPE VI
|
| 264 |
|
1 |
|a [Washington, D.C.] :
|b [U.S. Dept. of Housing and Urban Develepment, Office of Policy Development and Research],
|c [1996]
|
| 336 |
|
|
|a text
|b txt
|2 rdacontent
|
| 337 |
|
|
|a computer
|b c
|2 rdamedia
|
| 338 |
|
|
|a unspecified
|b zu
|2 rdacarrier
|
| 538 |
|
|
|a Mode of access: Internet from HUD web site. Address as of 11/15/03: http://huduser.org/Publications/pdf/hopevi%5Fvol1.pdf; current access available via PURL.
|
| 500 |
|
|
|a "July 1996."
|
| 500 |
|
|
|a Electronic resource] / prepared by Abt Associates : prepared for U.S. Department of Housing and Urban Development, Office of Policy Development and Research.
|
| 610 |
2 |
0 |
|a HOPE VI (Program)
|
| 650 |
|
0 |
|a Public housing
|z United States
|x Finance.
|
| 650 |
|
0 |
|a Community development, Urban
|z United States.
|
| 710 |
2 |
|
|a HOPE VI (Program)
|
| 710 |
1 |
|
|a United States.
|b Department of Housing and Urban Development.
|b Office of Policy Development Research.
|
| 856 |
4 |
0 |
|u https://purl.fdlp.gov/GPO/LPS39999
|t 0
|
| 999 |
|
|
|a MARS
|
| 999 |
f |
f |
|s d86a5ca2-8dae-36c4-a47c-09bbeaa6eb6c
|i 17d6b58f-a5c2-3850-a923-a11298b75ee0
|t 0
|
| 952 |
f |
f |
|a Texas A&M University
|b College Station
|c Electronic Resources
|d Available Online
|t 0
|e HH 1.2:H 62/6/V.1
|h Superintendent of Documents classification
|
| 998 |
f |
f |
|a HH 1.2:H 62/6/V.1
|t 0
|l Available Online
|